Environment and law
Gespeichert in:
| 1. Verfasser: | |
|---|---|
| Format: | Buch |
| Sprache: | Englisch |
| Veröffentlicht: |
London and New York
Routledge
2002
|
| Schriftenreihe: | Routledge introductions to environment series
|
| Schlagworte: | |
| Tags: |
Keine Tags, Fügen Sie das erste Tag hinzu!
|
MARC
| LEADER | 00000nam$a2200000$$$4500 | ||
|---|---|---|---|
| 001 | 0002624 | ||
| 005 | 20221129100911.0 | ||
| 020 | |a 0-415-21568-4 | ||
| 041 | 0 | |a eng | |
| 044 | |a GB | ||
| 245 | 1 | 0 | |a Environment and law |c David Wilkinson |
| 264 | 1 | |a London and New York |b Routledge |c 2002 | |
| 300 | |a 312 s. | ||
| 490 | 1 | |a Routledge introductions to environment series | |
| 830 | 0 | |a Routledge introductions to environment series | |
| 610 | 2 | 0 | |a prostredie životné |
| 610 | 2 | 0 | |a zákony |
| 610 | 2 | 0 | |a ochrana prostredia životného |
| 610 | 2 | 0 | |a emisie |
| 610 | 2 | 0 | |a efekt skleníkový |
| 610 | 2 | 0 | |a ekonomika ekologická |
| 610 | 2 | 0 | |a etika environmentálna |
| 610 | 2 | 0 | |a politika environmentálna |
| 610 | 2 | 0 | |a spolupráca medzinárodná |
| 610 | 2 | 0 | |a vzdelávanie |
| 610 | 2 | 0 | |a informácie |
| 610 | 2 | 0 | |a adresáre |
| 610 | 2 | 0 | |a porovnanie medzinárodné |
| 610 | 2 | 0 | |a Veľká Británia |
| 610 | 2 | 0 | |a Európa |
| 610 | 2 | 0 | |a USA |
| 100 | 1 | |a Wilkinson, David | |